书目信息 |
| 题名: |
会计管理信息系统
|
|
| 作者: | 杨周南 主编 ;王海林 , 赵纳晖 , 陈冰 编著 | |
| 分册: | ||
| 出版信息: | 北京 首都经济贸易大学出版社 2004.1 |
|
| 页数: | 475页 | |
| 开本: | 24cm | |
| 丛书名: | 21世纪高等院校会计学专业精品系列(案例)教材 | |
| 单 册: | ||
| 中图分类: | F232-43 | |
| 科图分类: | ||
| 主题词: | 会计--kuai ji , 管理信息系统--guan li xin xi xi tong , 会计--kuai ji--管理信息系统--高等学校--教材 | |
| 电子资源: | ||
| ISBN: | 7-5638-1071-4 | |
| 000 | 01410nam 2200337 450 | |
| 001 | CAL 012006008986 | |
| 005 | 20061030101856.73 | |
| 010 | @a7-5638-1071-4@dCNY38.00 | |
| 099 | @aCAL 012006008986 | |
| 100 | @a20060918d2004 em y0chiy0120 ea | |
| 101 | 0 | @achi |
| 102 | @aCN@b110000 | |
| 105 | @ay a 000yy | |
| 200 | 1 | @a会计管理信息系统@Akuai ji guan li xin xi xi tong@e理论·实务·案例·习题@f杨周南主编@g王海林, 赵纳晖, 陈冰编著 |
| 210 | @a北京@c首都经济贸易大学出版社@d2004.1 | |
| 215 | @a475页@d24cm | |
| 225 | 2 | @a21世纪高等院校会计学专业精品系列(案例)教材@A21 shi ji gao deng yuan xiao kuai ji xue zhuan ye jing pin xi lie ( an li ) jiao cai@f阎达五总主编 |
| 314 | @a杨周南, 女, 教授, 现执教于财政部财政科学研究所研究生部, 我国第一位会计电算化的博士生导师。 | |
| 320 | @a附参考文献 (第474-475页) | |
| 330 | @a本书的内容围绕会计信息系统的体系结构, 以讲解对会计信息系统的应用、管理、控制和审计技术为核心, 不讲述具体设计和实现方法。 | |
| 410 | 0 | @12001 @a21世纪高等院校会计学专业精品系列(案例)教材 |
| 606 | 0 | @a会计@Akuai ji |
| 606 | 0 | @a管理信息系统@Aguan li xin xi xi tong |
| 606 | 0 | @a会计@Akuai ji@x管理信息系统@x高等学校@j教材 |
| 690 | @aF232-43@v4 | |
| 701 | 0 | @a杨周南@Ayang zhou nan@4主编 |
| 702 | 0 | @a王海林@Awang hai lin@4编著 |
| 702 | 0 | @a赵纳晖@Azhao na hui@4编著 |
| 702 | 0 | @a陈冰@Achen bing@4编著 |
| 801 | 0 | @aCN@c20061030 |
| 905 | @apdsgxy@dF232-43@eY335 | |
| 会计管理信息系统:理论·实务·案例·习题/杨周南主编/王海林, 赵纳晖, 陈冰编著.-北京:首都经济贸易大学出版社,2004.1 |
| 475页;24cm.-(21世纪高等院校会计学专业精品系列(案例)教材/阎达五总主编) |
| ISBN 7-5638-1071-4:CNY38.00 |
| 本书的内容围绕会计信息系统的体系结构, 以讲解对会计信息系统的应用、管理、控制和审计技术为核心, 不讲述具体设计和实现方法。 |
| ● |
| 相关链接 |
|
|
|
正题名:会计管理信息系统
索取号:F232-43/Y335
 
预约/预借
| 序号 | 登录号 | 条形码 | 馆藏地/架位号 | 状态 | 备注 |
| 1 | 634958 | 206349584 | 社科库409/409社科库 76排4列2层/ [索取号:F232-43/Y335] | 在馆 | |
| 2 | 634959 | 206349593 | 社科库409/409社科库 76排4列2层/ [索取号:F232-43/Y335] | 在馆 | |
| 3 | 634960 | 206349600 | 社科库409/409社科库 76排4列2层/ [索取号:F232-43/Y335] | 在馆 |